MARC

LEADER 00000nam0a2200000 4500
001 137300
005 20231031141020.0
029 0 0 |a RU  |b 13-80  |c ГСССД 
035 |a (RuTPU)RU\TPU\book\148796 
035 |a RU\TPU\book\148792 
090 |a 137300 
100 |a 20080507d1980 k a0rusy50 ca 
101 0 |a rus 
102 |a RU 
105 |a a l 000zy 
122 2 |a d2007121020  |a d2007121020 
200 1 |a Эффективные сечения ионизации щелочных металлов  |a ГСССД 13-80  |f СССР, Государственный комитет по стандартам (Госстандарт) 
205 |a Изд. офиц. 
210 |a Москва  |c Изд-во стандартов  |d 1982 
215 |a 8 с.  |c ил. 
225 1 |a Таблицы стандартных справочных данных 
229 |a Утвержден Государственным комитетом СССР по стандартам 10.12.1980 г. 
610 1 |a ГСССД 
610 1 |a эффективные сечения 
610 1 |a ионизация 
610 1 |a щелочные металлы 
610 1 |a методы измерения 
610 1 |a систематические погрешности 
610 1 |a измерения 
610 1 |a ионный ток 
610 1 |a нейтральные атомы 
610 1 |a структура таблиц 
675 |a 546(083)  |v 3 
712 0 1 |a СССР  |b Государственный комитет по стандартам (Госстандарт)  |c (1978-1989)  |2 stltpush  |3 (RuTPU)RU\TPU\col\12454 
801 1 |a RU  |b 63413507  |c 20080507  |g PSBO 
801 2 |a RU  |b 63413507  |c 20221207  |g PSBO 
942 |c BK